MIA: Paper Planes Lyrics - Statistics

General Stats
  • This quiz has been taken 164 times
  • The average score is 348 of 463
Answer Stats
Answer % Correct
BANG
99%
BANG!
99%
I
99%
KA CHING!
99%
a
98%
paper,
94%
paper
94%
planes
94%
the
94%
fly
93%
get
93%
high
93%
like
93%
you
92%
do
91%
me
91%
all
90%
All
90%
in
89%
is
89%
my
88%
go
87%
If
87%
if
87%
catch
85%
And
83%
and
83%
name
83%
on
83%
wanna
83%
got
81%
at
79%
money
79%
come
78%
take
77%
around
75%
visas
75%
your
75%
border
73%
we
73%
We
73%
here,
71%
make
71%
So,
70%
one
69%
day
68%
'em
67%
Some
63%
some
63%
bones
60%
No
59%
no
59%
making
57%
corner
56%
Every
56%
let
56%
Sticks
56%
stones
56%
weed
56%
trains
54%
second
53%
sitting
52%
Sometimes
52%
wait
52%
winner,
52%
skulls
51%
that
50%
UPS
50%
fame
49%
Everyone's
48%
has
48%
system
48%
us
48%
when
48%
to
47%
M.I.A.
46%
more
46%
trucks
46%
deliver
45%
democracy
45%
hit
45%
Hit
45%
murder
45%
poison
45%
we're
45%
hustler
44%
our
44%
pack
44%
world
44%
game
43%
gas
42%
pumping
42%
Third
42%
funny
41%
I'm
41%
Running
41%
going
40%
just
40%
K.G.B.
40%
Pirate
40%
records
40%
than
40%
think
40%
wireless
40%
business
39%
for
39%
prepaid
39%
swagger
38%
Lethal
37%
Yeah,
37%
down
35%
Already
34%
stop
34%
Bona
33%
fide
31%
clocking
29%
Burner
26%
uh,
26%
hell
17%
bombs
13%
No matching quizzes found
Score Distribution
Percent of People with Each Score
Percentile by Number Answered
Your Score History
You have not taken this quiz